000
00312nam a22001337a 4500
008
181018b xxu||||| |||| 00| 0 eng d
020
_a
9780867206876
041
_a
eng
080
_2
2nd
_a
610.73
100
_a
2
101
_a
INF
245
_a
Fundamentals of Nursing Research
_c
Brockopp, D.Y
942
_2
udc
_c
BK
999
_c
50123
_d
50123